Music Quiz

Random Music Quiz
Score 0/9 Timer 03:00
1 Play Today
Style % Correct
Ska
87.7%
Country
84.8%
Disco
71.4%
Old-School Rap
68%
Death Metal
68%
Emo
65.1%
Punk Rock
64.3%
Blues
60.6%
Garage Rock (Like the Strokes)
50.9%

You're not logged in!

Compare scores with friends on all Sporcle quizzes.
OR
Log In

Sporcle TV

Today on Sporcle TV


Watch our educational content, quiz creation guides, and fun videos on Sporcle TV.

Show Comments

Extras

Created Oct 8, 2009ReportNominate
Tags:Big Fish, fish, reel, rhythm, Style, suburban

Top Quizzes Today


Score Distribution

Paid Content

Your Account Isn't Verified!

In order to create a playlist on Sporcle, you need to verify the email address you used during registration. Go to your Sporcle Settings to finish the process.

Report this User

Report this user for behavior that violates our Community Guidelines.

Details: